[Event "Manizales op 30th"]
[Site "Manizales"]
[Date "2025.01.10"]
[Round "4"]
[White "Pereira Vera, Henry Alberto"]
[Black "Molano Castano, Martin Rene"]
[Result "1-0"]
[WhiteElo "1846"]
[BlackElo "1620"]
[PlyCount "25"]
[EventDate "2025.01.08"]
[EventType "tourn"]
[EventRounds "7"]
[EventCountry "COL"]
[SourceTitle "CB03_2025"]
[SourceDate "2025.01.15"]
[SourceVersion "1"]
[SourceVersionDate "2025.01.15"]
[SourceQuality "1"]

1. b3 d5 2. Bb2 Nf6 3. Nf3 c5 4. e3 Nc6 5. Be2 e6 6. 0-0 Bd6 7. h3 0-0 8. d4 b6 9. Ne5 Bxe5 10. dxe5 Ne8 11. Nd2 d4 12. exd4 cxd4 13. Nf3 1-0

[Event "Manizales op 30th"]
[Site "Manizales"]
[Date "2025.01.09"]
[Round "3"]
[White "Suarez Vera, Angel Antonio"]
[Black "Pereira Vera, Henry Alberto"]
[Result "1/2-1/2"]
[WhiteElo "1637"]
[BlackElo "1846"]
[PlyCount "94"]
[EventDate "2025.01.08"]
[EventType "tourn"]
[EventRounds "7"]
[EventCountry "COL"]
[SourceTitle "CB03_2025"]
[SourceDate "2025.01.15"]
[SourceVersion "1"]
[SourceVersionDate "2025.01.15"]
[SourceQuality "1"]

1. e4 d5 2. exd5 Qxd5 3. Nf3 Bg4 4. Be2 Nc6 5. Nc3 Qd7 6. h3 Bf5 7. g4 Bg6 8. Nh4 e6 9. d3 Be7 10. Nxg6 hxg6 11. Bf3 Nf6 12. Bd2 0-0-0 13. Qe2 Nd4 14. Qd1 Rh7 15. Bg2 Rdh8 16. Be3 a6 17. Bxd4 Qxd4 18. Qf3 c6 19. 0-0-0 Nd5 20. Nxd5 Qxd5 21. Qxf7 Qxg2 22. Qxe7 Qd5 23. Rde1 Rxh3 24. Rxh3 Rxh3 25. Qxe6+ Qd7 26. Qe8+ Qxe8 27. Rxe8+ Kd7 28. Rg8 Rh7 29. Kd2 g5 30. Ke3 Ke6 31. Rb8 g6 32. c4 Rf7 33. d4 Kf6 34. d5 cxd5 35. cxd5 Ke5 36. Rd8 Rf6 37. d6 Rxd6 38. Rxd6 Kxd6 39. f4 Ke6 40. fxg5 a5 41. Kd4 a4 42. b3 axb3 43. axb3 Kd6 44. Kc4 Kc6 45. Kd4 Kd6 46. b4 b5 47. Ke4 Ke6 1/2-1/2

[Event "Santiago de Cali op"]
[Site "Cali"]
[Date "2024.12.29"]
[Round "7"]
[White "Pereira Vera, Henry Alberto"]
[Black "Jaramillo, Victor Fabian"]
[Result "0-1"]
[WhiteElo "1804"]
[BlackElo "2169"]
[PlyCount "90"]
[EventDate "2024.12.26"]
[EventType "swiss"]
[EventRounds "8"]
[EventCountry "COL"]
[SourceTitle "CB01_2025"]
[SourceDate "2025.01.01"]
[SourceVersion "1"]
[SourceVersionDate "2025.01.01"]
[SourceQuality "1"]

1. b3 d6 2. Bb2 e5 3. e4 Nf6 4. Nc3 g6 5. d4 Nbd7 6. Nf3 Bg7 7. Bc4 0-0 8. b4 exd4 9. Nxd4 Qe7 10. Qe2 a5 11. a3 axb4 12. axb4 Rxa1+ 13. Bxa1 d5 14. Bxd5 Qxb4 15. Qd2 c6 16. Bb3 c5 17. Nde2 Nxe4 18. Nxe4 Qxe4 19. Bxg7 Kxg7 20. 0-0 Nf6 21. Ng3 Qc6 22. Ra1 c4 23. Ba2 b5 24. Ne2 Bb7 25. f3 Re8 26. Nd4 Qc5 27. Qf2 Qe5 28. Rb1 Ba6 29. Nc6 Qe3 30. Qxe3 Rxe3 31. Rd1 Ra3 32. Nb4 Bc8 33. Kf2 Bf5 34. Bb1 Ra4 35. c3 Bxb1 36. Rxb1 Ra3 37. Rc1 Rb3 38. Rc2 Nd7 39. Ke3 Nb6 40. Kd4 Na4 41. Nd5 Nb2 42. Kc5 Nd3+ 43. Kd4 Rb1 44. g4 Ne1 45. Rf2 Rd1+ 0-1

[Event "Santiago de Cali op"]
[Site "Cali"]
[Date "2024.12.28"]
[Round "5"]
[White "Pereira Vera, Henry Alberto"]
[Black "Mora Munoz, Alejandro"]
[Result "1/2-1/2"]
[WhiteElo "1804"]
[BlackElo "2098"]
[PlyCount "63"]
[EventDate "2024.12.26"]
[EventType "swiss"]
[EventRounds "8"]
[EventCountry "COL"]
[SourceTitle "CB01_2025"]
[SourceDate "2025.01.01"]
[SourceVersion "1"]
[SourceVersionDate "2025.01.01"]
[SourceQuality "1"]

1. b3 e5 2. Bb2 Nc6 3. e3 d5 4. Bb5 Bd6 5. f4 Qh4+ 6. g3 Qe7 7. Nf3 Bg4 8. fxe5 Bxe5 9. Bxe5 Bxf3 10. Qxf3 Qxe5 11. Bxc6+ bxc6 12. Nc3 Ne7 13. Qf4 Ng6 14. Qxe5+ Nxe5 15. Na4 Ke7 16. Ke2 h5 17. h3 f6 18. Nc5 Rab8 19. Rhf1 h4 20. g4 Kd6 21. Nd3 Nf7 22. Rac1 Ng5 23. Nf4 a5 24. d3 c5 25. c4 d4 26. e4 Rb7 27. Rb1 c6 28. Kf2 Rhb8 29. Ng6 Nxh3+ 30. Kg2 Ng5 31. Nxh4 a4 32. Nf5+ 1/2-1/2

[Event "Santiago de Cali op"]
[Site "Cali"]
[Date "2024.12.27"]
[Round "2"]
[White "Pereira Vera, Henry Alberto"]
[Black "Pazos Gambarrotti, Plinio Efrain"]
[Result "1-0"]
[WhiteElo "1804"]
[BlackElo "2028"]
[PlyCount "87"]
[EventDate "2024.12.26"]
[EventType "swiss"]
[EventRounds "8"]
[EventCountry "COL"]
[SourceTitle "CB01_2025"]
[SourceDate "2025.01.01"]
[SourceVersion "1"]
[SourceVersionDate "2025.01.01"]
[SourceQuality "1"]

1. b3 Nf6 2. Bb2 c5 3. Nf3 Nc6 4. e3 e6 5. Be2 Be7 6. 0-0 0-0 7. d4 d5 8. Nbd2 b6 9. c4 Bb7 10. Rc1 Rc8 11. Bd3 dxc4 12. Nxc4 cxd4 13. Nxd4 Qd5 14. e4 Qd8 15. Nxc6 Bxc6 16. Qe2 Nd7 17. Rfd1 Qc7 18. e5 Nc5 19. Nd6 Rcd8 20. Qg4 f5 21. Qg3 Rxd6 22. exd6 Bxd6 23. Qh4 a5 24. Bc4 Bf4 25. Rc2 Kh8 26. Re2 Re8 27. Rde1 Ne4 28. f3 Ng5 29. Be5 Bxe5 30. Rxe5 h6 31. Qd4 Rd8 32. Qe3 Bd7 33. Qe2 Nf7 34. Re3 Re8 35. Rd1 Bc8 36. Red3 Qc5+ 37. Qe3 Qb4 38. Qd2 Qc5+ 39. Qf2 Qb4 40. a3 Qxa3 41. Qxb6 Ne5 42. Rd8 Rxd8 43. Qxd8+ Kh7 44. Qxc8 1-0

[Event "American Continental Rapid 18th"]
[Site "Medellin"]
[Date "2024.06.01"]
[Round "6"]
[White "Avella Munoz, Andrea"]
[Black "Pereira Vera, Henry Alberto"]
[Result "1-0"]
[WhiteElo "1727"]
[BlackElo "1830"]
[PlyCount "115"]
[EventDate "2024.06.01"]
[EventType "swiss (rapid)"]
[EventRounds "9"]
[EventCountry "COL"]
[SourceTitle "CBM 220 Extra"]
[Source "ChessBase"]
[SourceDate "2024.07.31"]
[SourceVersion "1"]
[SourceVersionDate "2024.07.31"]
[SourceQuality "1"]

1. e4 d5 2. exd5 Qxd5 3. Nc3 Qd6 4. d4 Nf6 5. g3 c6 6. Bg2 Bg4 7. Qd3 g6 8. Bf4 Qd8 9. Nge2 Bg7 10. 0-0 0-0 11. Rfe1 Nbd7 12. h3 Bf5 13. Qd2 Nb6 14. b3 Nbd5 15. Nxd5 cxd5 16. Be5 Rc8 17. Rac1 Qd7 18. g4 Ne4 19. Qe3 Be6 20. Bxe4 dxe4 21. Qxe4 Bd5 22. Qd3 f5 23. gxf5 Rxf5 24. c4 Rf3 25. Qb1 Bf7 26. Kg2 Qxh3+ 27. Kg1 Be6 28. Qe4 Bxe5 29. Qxe5 Rcf8 30. Ng3 Rxf2 31. Qxe6+ Qxe6 32. Rxe6 Rxa2 33. Re2 Ra3 34. Rc3 a5 35. Rxe7 a4 36. Rxb7 Ra1+ 37. Kg2 a3 38. Ra7 Rf4 39. d5 Rd4 40. Ne2 Rg4+ 41. Kf3 h5 42. d6 Rd1 43. d7 a2 44. Rxa2 Rxd7 45. c5 Rf7+ 46. Ke3 Re7+ 47. Kd2 Rg2 48. Re3 Rd7+ 49. Kc3 h4 50. Ra8+ Kg7 51. Nf4 Rg4 52. Ne6+ Kh6 53. Rh8+ Rh7 54. Rxh7+ Kxh7 55. c6 Rg3 56. Rxg3 hxg3 57. c7 g2 58. Ng5+ 1-0

[Event "American Continental Rapid 18th"]
[Site "Medellin"]
[Date "2024.06.01"]
[Round "9"]
[White "Pereira Vera, Henry Alberto"]
[Black "Lopez Fuentes, Wilberth Sebastian"]
[Result "1-0"]
[WhiteElo "1830"]
[BlackElo "1781"]
[PlyCount "69"]
[EventDate "2024.06.01"]
[EventType "swiss (rapid)"]
[EventRounds "9"]
[EventCountry "COL"]
[SourceTitle "CBM 220 Extra"]
[Source "ChessBase"]
[SourceDate "2024.07.31"]
[SourceVersion "1"]
[SourceVersionDate "2024.07.31"]
[SourceQuality "1"]

1. b3 e5 2. Bb2 Nc6 3. c4 f5 4. e3 Nf6 5. Nf3 d6 6. d4 e4 7. Nfd2 d5 8. Nc3 Be6 9. f3 Be7 10. cxd5 Nxd5 11. Nxd5 Bxd5 12. fxe4 fxe4 13. Qg4 0-0 14. Nxe4 h5 15. Qxh5 Bxe4 16. Bc4+ Rf7 17. Qxf7+ Kh8 18. 0-0 Bf6 19. Qh5+ Bh7 20. Bd3 Qg8 21. Rf3 g6 22. Qh6 Qg7 23. Qxg7+ Bxg7 24. Raf1 Ne7 25. Rf7 Nd5 26. R1f3 Re8 27. e4 Nb4 28. Bb1 Nc6 29. Rh3 Kg8 30. Rxc7 Nxd4 31. Rxh7 Be5 32. Rxb7 Rf8 33. Bd3 a5 34. Bc4+ Rf7 35. Rhxf7 1-0

[Event "American Continental Blitz 18th"]
[Site "Medellin"]
[Date "2024.05.29"]
[Round "1"]
[White "Pereira Vera, Henry Alberto"]
[Black "Diaz Rosas, Julio Cesar"]
[Result "0-1"]
[WhiteElo "1790"]
[BlackElo "2406"]
[PlyCount "66"]
[EventDate "2024.05.29"]
[EventType "swiss (blitz)"]
[EventRounds "9"]
[EventCountry "COL"]
[SourceTitle "CBM 220 Extra"]
[Source "ChessBase"]
[SourceDate "2024.07.31"]
[SourceVersion "1"]
[SourceVersionDate "2024.07.31"]
[SourceQuality "1"]

1. b3 d5 2. Bb2 c5 3. e3 Nc6 4. Nf3 f6 5. d4 Bg4 6. Be2 e6 7. 0-0 Bd6 8. dxc5 Bxc5 9. c4 Nge7 10. Nd4 Bxe2 11. Qxe2 e5 12. Ne6 Qd6 13. Nxc5 Qxc5 14. cxd5 Qxd5 15. Nc3 Qe6 16. Rfd1 0-0 17. Ba3 Rfd8 18. h3 a6 19. Na4 b5 20. Nc5 Qf7 21. Nb7 Rxd1+ 22. Rxd1 Nf5 23. Nd6 Nxd6 24. Rxd6 Rc8 25. Qd3 h5 26. Rd7 Qe6 27. Rb7 e4 28. Qd7 Qxd7 29. Rxd7 Ne5 30. Ra7 Rc2 31. Rxa6 Rxa2 32. Ra7 b4 33. Bc1 Rxa7 0-1

[Event "American Continental Blitz 18th"]
[Site "Medellin"]
[Date "2024.05.29"]
[Round "9"]
[White "Pereira Vera, Henry Alberto"]
[Black "Rajkumar, Daniel"]
[Result "1/2-1/2"]
[WhiteElo "1790"]
[BlackElo "1577"]
[PlyCount "69"]
[EventDate "2024.05.29"]
[EventType "swiss (blitz)"]
[EventRounds "9"]
[EventCountry "COL"]
[SourceTitle "CBM 220 Extra"]
[Source "ChessBase"]
[SourceDate "2024.07.31"]
[SourceVersion "1"]
[SourceVersionDate "2024.07.31"]
[SourceQuality "1"]

1. b3 d5 2. Bb2 Nf6 3. Nf3 c5 4. e3 Nc6 5. Be2 g6 6. 0-0 Bg7 7. d4 cxd4 8. Nxd4 0-0 9. c4 Nxd4 10. Bxd4 dxc4 11. Bxc4 Bf5 12. Nd2 Ne4 13. Bxg7 Kxg7 14. Nxe4 Qxd1 15. Rfxd1 Bxe4 16. Rd7 Rfe8 17. Rad1 Bc6 18. Rc7 Rac8 19. Rxc8 Rxc8 20. h4 Rc7 21. Rd8 Rd7 22. Rb8 Rd1+ 23. Kh2 Rd2 24. Kg3 Rxa2 25. h5 gxh5 26. f3 h4+ 27. Kh3 Bd7+ 28. Kxh4 Bc6 29. Kg3 a6 30. Rc8 Rc2 31. Rd8 Rc3 32. Kf2 Rc2+ 33. Kg3 Rc3 34. Kf2 Rc2+ 35. Kg3 1/2-1/2

[Event "American Continental 18th"]
[Site "Medellin"]
[Date "2024.05.27"]
[Round "6"]
[White "Guzman Ortiz, Carlos M"]
[Black "Pereira Vera, Henry Alberto"]
[Result "1-0"]
[WhiteElo "1966"]
[BlackElo "1790"]
[PlyCount "86"]
[EventDate "2024.05.24"]
[EventType "swiss"]
[EventRounds "11"]
[EventCountry "COL"]
[SourceTitle "CBM 220 Extra"]
[Source "ChessBase"]
[SourceDate "2024.07.31"]
[SourceVersion "1"]
[SourceVersionDate "2024.07.31"]
[SourceQuality "1"]

1. Nf3 d5 2. g3 Nf6 3. Bg2 Bf5 4. c4 e6 5. Qb3 dxc4 6. Qxc4 c6 7. Nc3 Be7 8. 0-0 Nbd7 9. d3 e5 10. Bg5 Be6 11. Qa4 0-0 12. Rfd1 h6 13. Bd2 Qb6 14. Qc2 Ng4 15. Be1 f5 16. e4 fxe4 17. dxe4 Rf7 18. h3 Ngf6 19. g4 Nh7 20. Rxd7 Bxd7 21. Nxe5 Be6 22. Nxf7 Bxf7 23. Bd2 Rd8 24. Be3 Qa5 25. f4 b5 26. Ne2 c5 27. Nc3 Nf6 28. e5 Nd5 29. Nxd5 Bxd5 30. Bxd5+ Rxd5 31. Qe4 Qd8 32. Kg2 c4 33. f5 Bg5 34. Rf1 Bxe3 35. Qxe3 Rd3 36. Qe4 Qh4 37. Rf3 Rd2+ 38. Kg1 Rd1+ 39. Rf1 Rxf1+ 40. Kxf1 Qxh3+ 41. Kf2 Qh2+ 42. Ke3 Qg1+ 43. Kd2 Qf2+ 1-0

[Event "American Continental 18th"]
[Site "Medellin"]
[Date "2024.05.27"]
[Round "5"]
[White "Pereira Vera, Henry Alberto"]
[Black "Loaiza Cuervo, Santiago"]
[Result "0-1"]
[WhiteElo "1790"]
[BlackElo "1961"]
[PlyCount "61"]
[EventDate "2024.05.24"]
[EventType "swiss"]
[EventRounds "11"]
[EventCountry "COL"]
[SourceTitle "CBM 220 Extra"]
[Source "ChessBase"]
[SourceDate "2024.07.31"]
[SourceVersion "1"]
[SourceVersionDate "2024.07.31"]
[SourceQuality "1"]

1. b3 e5 2. Bb2 Nc6 3. e3 Nf6 4. c4 d5 5. cxd5 Nxd5 6. a3 Bd6 7. Qc2 Be6 8. Bb5 Bd7 9. Nf3 Qe7 10. d3 f5 11. Nbd2 a6 12. Bxc6 Bxc6 13. Nc4 e4 14. dxe4 fxe4 15. Nfe5 0-0 16. Nxc6 bxc6 17. Nxd6 cxd6 18. Qxc6 Qf7 19. 0-0 Rac8 20. Qxd6 Rc2 21. Qe5 Rxf2 22. Rfe1 Nxe3 23. Qxg7+ Qxg7 24. Bxg7 Rxg2+ 25. Kh1 Rff2 26. Rxe3 Rxh2+ 27. Kg1 Rhg2+ 28. Kh1 Rxg7 29. Rxe4 Rf3 30. Rh4 Rxb3 31. a4 0-1

[Event "Tocancipa Cundinamarca Cup"]
[Site "Tocancipa"]
[Date "2024.05.12"]
[Round "5"]
[White "Barrera Pena, Santiago"]
[Black "Pereira Vera, Henry Alberto"]
[Result "0-1"]
[WhiteElo "1716"]
[BlackElo "1790"]
[PlyCount "25"]
[EventDate "2024.05.11"]
[EventType "swiss"]
[EventRounds "6"]
[EventCountry "COL"]
[SourceTitle "CBM 220 Extra"]
[Source "ChessBase"]
[SourceDate "2024.07.31"]
[SourceVersion "1"]
[SourceVersionDate "2024.07.31"]
[SourceQuality "1"]

1. c4 e5 2. Nc3 Nf6 3. Nf3 Nc6 4. g3 g6 5. Bg2 Bg7 6. 0-0 d6 7. d3 0-0 8. h3 Re8 9. Nd2 Nh5 10. Rb1 a5 11. a3 f5 12. Bd5+ Be6 13. Kg2 0-1

[Event "Manizales Feria op 29th"]
[Site "Manizales"]
[Date "2024.01.08"]
[Round "7"]
[White "Pereira Vera, Henry Alberto"]
[Black "Zuluaga, Nicolas"]
[Result "1-0"]
[WhiteElo "1739"]
[BlackElo "1611"]
[PlyCount "43"]
[EventDate "2024.01.05"]
[EventType "swiss"]
[EventRounds "7"]
[EventCountry "COL"]
[SourceTitle "CBM 218 Extra"]
[Source "ChessBase"]
[SourceDate "2024.03.31"]
[SourceVersion "1"]
[SourceVersionDate "2024.03.31"]
[SourceQuality "1"]

1. b3 d5 2. Bb2 c5 3. Nf3 Nc6 4. e3 a6 5. Be2 Bg4 6. d4 e6 7. Nbd2 Nf6 8. 0-0 cxd4 9. Nxd4 Bxe2 10. Qxe2 Nxd4 11. Bxd4 g6 12. c4 Bg7 13. Rfd1 0-0 14. cxd5 Nxd5 15. Bxg7 Kxg7 16. Ne4 Rc8 17. Qb2+ f6 18. Rd3 Qc7 19. Rad1 Qc2 20. Qa1 Rc6 21. h3 Rfc8 22. Nxf6 1-0

[Event "Manizales Feria op 29th"]
[Site "Manizales"]
[Date "2024.01.07"]
[Round "4"]
[White "Montenegro, Jorge"]
[Black "Pereira Vera, Henry Alberto"]
[Result "0-1"]
[WhiteElo "1450"]
[BlackElo "1739"]
[PlyCount "58"]
[EventDate "2024.01.05"]
[EventType "swiss"]
[EventRounds "7"]
[EventCountry "COL"]
[SourceTitle "CBM 218 Extra"]
[Source "ChessBase"]
[SourceDate "2024.03.31"]
[SourceVersion "1"]
[SourceVersionDate "2024.03.31"]
[SourceQuality "1"]

1. e4 d5 2. Nc3 dxe4 3. Nxe4 Nd7 4. d4 Ngf6 5. Ng3 c6 6. Nf3 g6 7. Bd3 Bg7 8. 0-0 0-0 9. h3 c5 10. Be3 Nd5 11. c3 Nxe3 12. fxe3 b6 13. Qe2 Qc7 14. Ne4 Bb7 15. Nfg5 h6 16. Nf3 e5 17. Rac1 f5 18. Bc4+ Kh8 19. Ned2 Qd6 20. dxe5 Nxe5 21. Nxe5 Qxe5 22. Nf3 Bxf3 23. Rxf3 Rad8 24. Rd1 Bf6 25. Rdf1 Rd6 26. g3 Rfd8 27. R1f2 Qe4 28. Bb3 Rd2 29. Qe1 Rxb2 0-1

[Event "Velez op 10th"]
[Site "Velez Santander"]
[Date "2023.11.05"]
[Round "10"]
[White "Pereira Vera, Henry Alberto"]
[Black "Durango Quintero, Julio Cesar"]
[Result "1-0"]
[WhiteElo "1750"]
[BlackElo "1334"]
[PlyCount "57"]
[EventDate "2023.11.01"]
[EventType "swiss"]
[EventRounds "10"]
[EventCountry "COL"]
[SourceTitle "CBM 217 Extra"]
[Source "ChessBase"]
[SourceDate "2024.01.31"]
[SourceVersion "1"]
[SourceVersionDate "2024.01.31"]
[SourceQuality "1"]

1. b3 e5 2. Bb2 Nc6 3. c4 Bb4 4. a3 Bc5 5. b4 Bd4 6. Nc3 a6 7. Nf3 d6 8. e3 Bxc3 9. Bxc3 Bg4 10. Be2 Nge7 11. h3 Be6 12. Qc2 h6 13. d4 f6 14. d5 Bxd5 15. cxd5 Nxd5 16. Qg6+ Kf8 17. Bc4 Nce7 18. Qc2 b5 19. Bb3 c6 20. 0-0 Kf7 21. e4 Rc8 22. Qa2 Kf8 23. exd5 cxd5 24. Rac1 d4 25. Bxd4 Rxc1 26. Rxc1 exd4 27. Nxd4 Qb8 28. Ne6+ Ke8 29. Nxg7+ 1-0

[Event "Medellin de La Raza op"]
[Site "Medellin"]
[Date "2023.10.15"]
[Round "8"]
[White "Pereira Vera, Henry Alberto"]
[Black "Hernandez Serrano, Cristhian Daniel"]
[Result "1-0"]
[WhiteElo "1721"]
[BlackElo "1710"]
[PlyCount "69"]
[EventDate "2023.10.12"]
[EventType "swiss"]
[EventRounds "10"]
[EventCountry "COL"]
[SourceTitle "CBM 216 Extra"]
[Source "ChessBase"]
[SourceDate "2023.11.30"]
[SourceVersion "1"]
[SourceVersionDate "2023.11.30"]
[SourceQuality "1"]

1. b3 Nf6 2. Bb2 g6 3. g3 Bg7 4. Bg2 0-0 5. c4 c5 6. e3 Nc6 7. a3 Re8 8. Ne2 d6 9. Qc2 Rb8 10. d3 Bd7 11. 0-0 Qc8 12. Re1 a6 13. Nd2 b5 14. cxb5 axb5 15. Rac1 b4 16. a4 Na5 17. Qb1 Be6 18. Nf4 g5 19. Nxe6 Qxe6 20. Nc4 Nxb3 21. Bxf6 Nxc1 22. Bxg7 Nxd3 23. Qxd3 Kxg7 24. a5 Red8 25. Nb6 Qa2 26. Qf5 f6 27. Be4 Rh8 28. Qd7 Rbe8 29. Nd5 Qd2 30. Rb1 Rhf8 31. Nxe7 Rxe7 32. Qxe7+ Rf7 33. Qe6 Rc7 34. Qf5 Kf8 35. Qxf6+ 1-0

[Event "Medellin Flores op 30th"]
[Site "Medellin"]
[Date "2023.08.05"]
[Round "4"]
[White "Pereira Vera, Henry Alberto"]
[Black "Garcia, Mario2"]
[Result "0-1"]
[WhiteElo "1779"]
[BlackElo "1342"]
[PlyCount "26"]
[EventDate "2023.08.03"]
[EventType "swiss"]
[EventRounds "9"]
[EventCountry "COL"]
[SourceTitle "EXT 2024"]
[Source "ChessBase"]
[SourceDate "2023.10.10"]
[SourceVersion "1"]
[SourceVersionDate "2023.10.10"]
[SourceQuality "1"]

1. b3 Nf6 2. Bb2 d5 3. Nf3 Nc6 4. e3 Bg4 5. Be2 e6 6. 0-0 Bd6 7. d3 e5 8. h3 h5 9. Nbd2 Qe7 10. c4 e4 11. cxd5 exf3 12. Bxf3 Bxf3 13. Nxf3 Ne5 0-1

[Event "Medellin Flores op 30th"]
[Site "Medellin"]
[Date "2023.08.04"]
[Round "2"]
[White "Pereira Vera, Henry Alberto"]
[Black "Florez Olaya, Oscar David"]
[Result "1-0"]
[WhiteElo "1779"]
[BlackElo "1117"]
[PlyCount "43"]
[EventDate "2023.08.03"]
[EventType "swiss"]
[EventRounds "9"]
[EventCountry "COL"]
[SourceTitle "EXT 2024"]
[Source "ChessBase"]
[SourceDate "2023.10.10"]
[SourceVersion "1"]
[SourceVersionDate "2023.10.10"]
[SourceQuality "1"]

1. b3 e5 2. Bb2 Nc6 3. c4 d6 4. e3 Nf6 5. d3 Be7 6. a3 0-0 7. b4 a6 8. Nf3 b5 9. Nbd2 Bb7 10. Be2 bxc4 11. Nxc4 e4 12. Ng5 d5 13. Nd2 h6 14. Nh3 Qd6 15. dxe4 Nxe4 16. Nxe4 dxe4 17. Qxd6 Bxd6 18. 0-0 Ne5 19. Nf4 Rad8 20. Rfd1 Bc8 21. Rac1 Bg4 22. Bxe5 1-0

[Event "Rivera Hernandez Memorial-B"]
[Site "Rivera Huila"]
[Date "2023.07.21"]
[Round "3"]
[White "Pereira Vera, Henry Alberto"]
[Black "Gomez Barrero, Sergio"]
[Result "0-1"]
[WhiteElo "1752"]
[BlackElo "1954"]
[PlyCount "58"]
[EventDate "2023.07.20"]
[EventType "swiss"]
[EventRounds "7"]
[EventCountry "COL"]
[SourceTitle "CBM 215 Extra"]
[Source "ChessBase"]
[SourceDate "2023.09.30"]
[SourceVersion "1"]
[SourceVersionDate "2023.09.30"]
[SourceQuality "1"]

1. b3 e5 2. Bb2 Nc6 3. e3 d5 4. Bb5 Bd6 5. f4 Qe7 6. Nf3 f6 7. fxe5 fxe5 8. d4 e4 9. Ne5 Bxe5 10. dxe5 Be6 11. Bxc6+ bxc6 12. 0-0 Qg5 13. Qe2 Ne7 14. Bd4 h5 15. Nc3 Nf5 16. Na4 0-0 17. c3 Nh4 18. Kh1 Bg4 19. Qc2 Rf5 20. Rxf5 Nxf5 21. Rf1 Rf8 22. Rf4 h4 23. Qd2 Ng3+ 24. hxg3 hxg3 25. Kg1 Qh4 26. Rxf8+ Kxf8 27. Bc5+ Kg8 28. Qb2 Qh2+ 29. Kf1 Qh1# 0-1

[Event "Rivera Hernandez Memorial-B"]
[Site "Rivera Huila"]
[Date "2023.07.20"]
[Round "1"]
[White "Pereira Vera, Henry Alberto"]
[Black "Moreno Palacios, Alejandro"]
[Result "1-0"]
[WhiteElo "1752"]
[BlackElo "1463"]
[PlyCount "61"]
[EventDate "2023.07.20"]
[EventType "swiss"]
[EventRounds "7"]
[EventCountry "COL"]
[SourceTitle "CBM 215 Extra"]
[Source "ChessBase"]
[SourceDate "2023.09.30"]
[SourceVersion "1"]
[SourceVersionDate "2023.09.30"]
[SourceQuality "1"]

1. b3 e5 2. Bb2 Nc6 3. c4 Nf6 4. e3 Bc5 5. a3 a5 6. d3 d6 7. Nf3 Bg4 8. Be2 0-0 9. 0-0 Rb8 10. Nc3 d5 11. Na4 Bd6 12. c5 b5 13. cxd6 bxa4 14. Rc1 Qxd6 15. b4 axb4 16. Qxa4 Bd7 17. axb4 Nxb4 18. Qa1 Ra8 19. Ba3 Rfe8 20. Qc3 c5 21. Bb2 d4 22. Qxc5 Qxc5 23. Rxc5 dxe3 24. fxe3 Nxd3 25. Bxd3 e4 26. Bc4 exf3 27. Rxf3 Ne4 28. Rxf7 Be6 29. Rxg7+ Kf8 30. Bxe6 Rxe6 31. Rf5+ 1-0

[Event "COL-ch"]
[Site "Cartagena"]
[Date "2023.06.10"]
[Round "6"]
[White "Sepulveda Brango, Alberto Enrique"]
[Black "Pereira Vera, Henry Alberto"]
[Result "1-0"]
[WhiteElo "1242"]
[BlackElo "1783"]
[PlyCount "81"]
[EventDate "2023.06.08"]
[EventType "swiss"]
[EventRounds "9"]
[EventCountry "COL"]
[SourceTitle "CBM 215 Extra"]
[Source "ChessBase"]
[SourceDate "2023.09.30"]
[SourceVersion "1"]
[SourceVersionDate "2023.09.30"]
[SourceQuality "1"]

1. e4 d5 2. exd5 Qxd5 3. Nc3 Qd6 4. d4 Nf6 5. Bc4 g6 6. h3 a6 7. a4 Bg7 8. Nf3 0-0 9. 0-0 Nc6 10. Be3 Bf5 11. Qd2 Nb4 12. Bb3 c6 13. Rfe1 Rad8 14. Rad1 Nbd5 15. Nxd5 cxd5 16. Bf4 Qd7 17. Qb4 Rfe8 18. Ne5 Qc8 19. Nd3 Bxd3 20. Rxd3 Ne4 21. f3 Nd6 22. Bxd6 Rxd6 23. Rxe7 Rxe7 24. Qxd6 Re1+ 25. Kf2 Qe8 26. Qxd5 Qe2+ 27. Kg3 h5 28. Qe4 h4+ 29. Qxh4 Rg1 30. Kf4 Qxg2 31. Qd8+ Kh7 32. Ke4 Re1+ 33. Kd5 Qxh3 34. Kc4 Re6 35. Kb4 Rf6 36. f4 Qh6 37. Qd7 Bf8+ 38. Kc3 Rc6+ 39. Bc4 Qxf4 40. Qxb7 Qd6 41. Rh3+ 1-0

[Event "Cali Valle Colombia op-B"]
[Site "Cali Valle Colombia"]
[Date "2022.12.29"]
[Round "7"]
[White "Ceron, Edgar Ivan"]
[Black "Pereira Vera, Henry Alberto"]
[Result "1-0"]
[WhiteElo "2045"]
[BlackElo "1760"]
[PlyCount "65"]
[EventDate "2022.12.26"]
[EventType "swiss"]
[EventRounds "8"]
[EventCountry "COL"]
[SourceTitle "CBM 211 Extra"]
[Source "ChessBase"]
[SourceDate "2023.01.31"]
[SourceVersion "1"]
[SourceVersionDate "2023.01.31"]
[SourceQuality "1"]

1. d4 Nf6 2. c4 e6 3. g3 d5 4. Bg2 b6 5. Nf3 Bb7 6. 0-0 Be7 7. b3 0-0 8. Bb2 Nbd7 9. Nc3 Ne4 10. Nd2 f5 11. f3 Nxc3 12. Bxc3 Nf6 13. Qc2 c5 14. Rad1 Qc7 15. a4 Rad8 16. e3 Bc6 17. Rfe1 Qb7 18. f4 Rd7 19. h3 dxc4 20. Nxc4 Bxg2 21. Qxg2 Ne4 22. Bb2 Rfd8 23. g4 Bh4 24. Re2 cxd4 25. Rxd4 Bf6 26. Ne5 Bxe5 27. fxe5 Rxd4 28. Bxd4 Nc5 29. Qxb7 Nxb7 30. gxf5 exf5 31. Rc2 Rd7 32. e6 Rd8 33. Rc7 1-0